Statistics for Top 10/11 Tallest US States- Men & Women

Click here to take the quiz!

General Stats

  • This quiz has been taken 31 times
  • The average score is 18 of 21

Answer Stats

Men% Correct
Iowa
92%
Iowa
92%
Montana
92%
Montana
92%
Utah
92%
Utah
92%
Minnesota
88%
Nebraska
88%
Nebraska
88%
North Dakota
88%
North Dakota
88%
Oregon
88%
South Dakota
88%
South Dakota
88%
Wyoming
88%
Wyoming
88%
Kentucky
79%
Alabama
75%
Tennessee
71%
West Virginia
71%
D.C.
29%

Score Distribution

Percentile by Number Answered

Percent of People with Each Score

Your Score History

You have not taken this quiz